Asia Pacific industrial market overview (Record no. 109071)
[ view plain ]
| 000 -LEADER | |
|---|---|
| fixed length control field | 01391cad a22002295a 4500 |
| 001 - CONTROL NUMBER | |
| control field | L146190 |
| 008 - FIXED-LENGTH DATA ELEMENTS--GENERAL INFORMATION | |
| fixed length control field | 081215s2008 si d f s 000 0 eng d |
| 035 ## - SYSTEM CONTROL NUMBER | |
| System control number | (Sirsi) u146190 |
| 041 0# - LANGUAGE CODE | |
| Language code of text/sound track or separate title | eng |
| 050 04 - LIBRARY OF CONGRESS CALL NUMBER | |
| Classification number | 333.336 $2 18 |
| 110 2# - MAIN ENTRY--CORPORATE NAME | |
| Corporate name or jurisdiction name as entry element | Colliers International Property Consultants |
| 9 (RLIN) | 1881 |
| 245 00 - TITLE STATEMENT | |
| Title | Asia Pacific industrial market overview |
| Remainder of title | November 2008 |
| Medium | [electronic resource] |
| 260 ## - PUBLICATION, DISTRIBUTION, ETC. | |
| Place of publication, distribution, etc. | Singapore |
| Name of publisher, distributor, etc. | Colliers |
| Date of publication, distribution, etc. | 2008 |
| 490 #0 - SERIES STATEMENT | |
| Series statement | Colliers Asia Pacific Industrial Market Overview |
| Volume/sequential designation | November 2008 |
| 520 ## - SUMMARY, ETC. | |
| Summary, etc. | Reports that the credit crunch has now reached most industrial property markets across the Asia Pacific region during the period between April and September 2008. Finds that growth of the industrial property markets in most Asia Pacific cities has slowed compared to the previous review period, and acquisitions of industrial premises have also fallen. Reveals that growth in land and capital values, and rents of industrial premises, eased off in most Asia Pacific cities, with those in some markets such as Sydney, Tokyo and Hong Kong slipping into negative territory. |
| 590 ## - LOCAL NOTE (RLIN) | |
| Local note | KA |
| 650 24 - SUBJECT ADDED ENTRY--TOPICAL TERM | |
| Topical term or geographic name entry element | COLLIERS ASIA PACIFIC INDUSTRIAL MARKET OVERVIEW |
| 651 #4 - SUBJECT ADDED ENTRY--GEOGRAPHIC NAME | |
| Geographic name | International |
| 690 ## - LOCAL SUBJECT ADDED ENTRY--TOPICAL TERM (OCLC, RLIN) | |
| Topical term or geographic name as entry element | PROPERTY-COMMERCIAL PROPERTY-COMMERCIAL PROPERTY MARKET |
| 856 40 - ELECTRONIC LOCATION AND ACCESS | |
| Uniform Resource Identifier | <a href="https://www.colliers.com">https://www.colliers.com</a> |
| Public note | View the market overview free of charge at www.colliers.com... |
| 942 ## - ADDED ENTRY ELEMENTS (KOHA) | |
| Suppress in OPAC | 0 |
| Withdrawn status | Lost status | Source of classification or shelving scheme | Damaged status | Not for loan | Home library | Current library | Shelving location | Date acquired | Total Checkouts | Full call number | Barcode | Date last seen | Copy number | Price effective from | Koha item type |
|---|---|---|---|---|---|---|---|---|---|---|---|---|---|---|---|
| Dewey Decimal Classification | Virtual | Virtual | Online | 15/12/2008 | ONLINE PUBLICATION | 146190-2001 | 06/08/2019 | 1 | 06/08/2019 | Book |